Top 15 dei paesi con decessi Covid-19 - 17 mar 2021 - Statistics

Statistiche generali
  • Questo quiz è stato fatto 6 volte
  • Il punteggio medio è 13 su 24
Statistiche sulle risposte
paese % Corretto
Brasile
100%
Francia
100%
Italia
100%
Messico
100%
Spagna
100%
Stati Uniti
100%
Argentina
80%
Germania
80%
Russia
80%
Belgio
60%
Perù
60%
Regno Unito
60%
Bulgaria
40%
Colombia
40%
Iran
40%
Portogallo
40%
Slovenia
40%
Bosnia ed Erzegovina
20%
Cechia
20%
India
20%
Slovacchia
20%
Ungheria
20%
Macedonia del Nord
0%
Sudafrica
0%
Nessun quiz corrispondente trovato
Distribuzione punteggi
Percentuale di utenti per punteggio
Percentile per numero di risposta
I tuoi punteggi nel tempo
Non hai fatto questo quiz